[Event "EU-ch Hybrid U12"]
[Site "Tornelo INT"]
[Date "2021.10.15"]
[Round "5"]
[White "Belchev, Valeri"]
[Black "Taskulin, Akhmet"]
[Result "0-1"]
[WhiteElo "1250"]
[BlackElo "1463"]
[PlyCount "104"]
[EventDate "2021.10.15"]
[EventType "swiss"]
[EventRounds "9"]
[EventCountry "NET"]
[SourceTitle "EXT 2023"]
[Source "ChessBase"]
[SourceDate "2022.10.05"]
[SourceVersion "1"]
[SourceVersionDate "2022.10.05"]
[SourceQuality "1"]
[WhiteTeam "Bulgaria"]
[BlackTeam "Russia"]
[WhiteTeamCountry "BUL"]
[BlackTeamCountry "RUS"]

1. e4 c5 2. b4 cxb4 3. d4 e6 4. a3 d5 5. e5 Nc6 6. axb4 Bxb4+ 7. c3 Be7 8. Bd3 Bd7 9. Ba3 Bxa3 10. Nxa3 a6 11. Nf3 Rc8 12. 0-0 h6 13. Nd2 Na5 14. Rc1 b5 15. f4 Ne7 16. Qg4 g6 17. Qh3 Nf5 18. g4 Ne7 19. Qh4 Qb6 20. Qf2 h5 21. g5 Rc6 22. Rc2 0-0 23. Rfc1 Rfc8 24. Nab1 b4 25. Rb2 b3 26. Kh1 Nf5 27. Bxf5 exf5 28. Qe3 Nc4 29. Nxc4 dxc4 30. Qe2 Be6 31. Kg1 Bd5 32. Nd2 a5 33. Ra1 Ra8 34. Ra4 Qb5 35. Ra3 a4 36. Kf2 Qb7 37. Qe1 Rca6 38. Nf1 Be6 39. Nd2 h4 40. Nf3 h3 41. Kg3 Kg7 42. Qf1 Qe4 43. Qe2 Qb7 44. Qf1 Rc8 45. Nd2 Bd5 46. Qe1 Bg2 47. Qa1 Qc6 48. Qe1 Rd8 49. Qe3 Bh1 50. Qf2 Rxd4 51. Kxh3 Rd3+ 52. Kh4 Ra8 0-1

[Event "EU-ch Hybrid U12"]
[Site "Tornelo INT"]
[Date "2021.10.15"]
[Round "3"]
[White "Garsky, Vladyslav"]
[Black "Taskulin, Akhmet"]
[Result "1-0"]
[WhiteElo "1724"]
[BlackElo "1463"]
[PlyCount "51"]
[EventDate "2021.10.15"]
[EventType "swiss"]
[EventRounds "9"]
[EventCountry "NET"]
[SourceTitle "EXT 2023"]
[Source "ChessBase"]
[SourceDate "2022.10.05"]
[SourceVersion "1"]
[SourceVersionDate "2022.10.05"]
[SourceQuality "1"]
[WhiteTeam "Ukraine"]
[BlackTeam "Russia"]
[WhiteTeamCountry "UKR"]
[BlackTeamCountry "RUS"]

1. e4 c5 2. c3 Nc6 3. d4 cxd4 4. cxd4 d5 5. exd5 Qxd5 6. Nf3 Bg4 7. Be2 Nf6 8. Nc3 Qd7 9. d5 Bxf3 10. gxf3 0-0-0 11. dxc6 Qxc6 12. Qb3 e5 13. Be3 Kb8 14. Nb5 a6 15. Rc1 Qd5 16. Ba7+ Ka8 17. Nc7+ Kxa7 18. Nxd5 Nxd5 19. Rd1 Bb4+ 20. Kf1 Nf4 21. Qxb4 Rxd1+ 22. Bxd1 Rd8 23. Bc2 Rc8 24. Qb3 Rc7 25. Qe3+ b6 26. Qxe5 1-0